00871nam a22002417a 450000500170000001000130001702000220003003500130005203700160006504000120008108200180009310000280011124500740013926000450021327000490025830000370030750000510034465000310039565000320042694200270045899900190048595201250050420170124110222.0 aA-943821 c00.00a8170249813 aA-943821 bCen Lib/Ret aDPLbEN a338.4791bJAI aJai, Yashodhara 940068 aTourism developement :cby Yashodhara Jain bproblems and prospects / aNew DelhibA.P.H. publishing housec1998 bNew Delhia5, Ansari road, Daryaganje110002 axvi,124p.:c24cm(Hb)bill.emaps aIncludes bibliographical references and index  aTravel and tourism 940069 aTourism development 914382 2ddccENh338.4791mJAI c134202d134202 00104070aLbLd2015-07-29eCen Lib/Retg0.00l0o338.4791 JAIpA-943821r2015-07-29 00:00:00t1v0.00w2015-07-29yEN